[Event "Women's Speed Chess Q8"]
[Site "chess.com INT"]
[Date "2021.06.06"]
[Round "2"]
[White "Ambartsumova, Karina"]
[Black "Kotepalli, Sai Nirupama"]
[Result "0-1"]
[WhiteTitle "IM"]
[BlackTitle "WFM"]
[WhiteElo "2382"]
[BlackElo "1914"]
[WhiteFideId "4166299"]
[BlackFideId "5039444"]
[EventDate "2021.06.06"]

1. c4 Nc6 2. d4 e5 3. d5 Nce7 4. e4 Nf6 5. Bd3 Ng6 6. Nf3 Bc5 7. O-O d6 8. Nc3
a6 9. a3 h6 10. b4 Ba7 11. Bd2 O-O 12. Rc1 Nh5 13. Ne2 Bg4 14. Ng3 Nhf4 15. Bxf4
Nxf4 16. h3 Bd7 17. c5 Qe7 18. c6 bxc6 19. dxc6 Be6 20. Bxa6 Bxf2+ 21. Rxf2 Rxa6
22. Rc3 Rfa8 23. Qc1 Bxh3 24. gxh3 Nxh3+ 25. Kg2 Nxf2 26. Kxf2 Qe6 27. Nf5 Qa2+
28. Rc2 Qxa3 29. Qg1 g6 30. Nxh6+ Kf8 31. Qg5 Qd3 32. Re2 Ra2 33. Rxa2 Rxa2+ 34.
Kg3 Qxe4 35. Qf6 Qf4+ 36. Qxf4 exf4+ 37. Kxf4 Rc2 38. Nd4 Rc4 39. Ke3 Rxb4 40.
Ng4 Ke7 41. Nf2 f5 42. Nd3 Rb1 43. Nf4 Kf7 44. Nd5 Re1+ 45. Kd2 Re4 46. Kd3 Re5
47. Nxc7 f4 48. Ncb5 Ke7 49. c7 Kd7 50. Kc4 g5 51. Nf3 Rc5+ 52. Kb4 g4 53. Nfd4
f3 54. Nb3 Rc2 55. N3d4 Rxc7 56. Nxc7 Kxc7 57. Kc3 f2 58. Ne2 f1=Q 0-1

[Event "Women's Speed Chess Q8"]
[Site "chess.com INT"]
[Date "2021.06.06"]
[Round "2"]
[White "Pourkashiyan, Atousa"]
[Black "Arabidze, Meri"]
[Result "0-1"]
[WhiteTitle "WGM"]
[BlackTitle "IM"]
[WhiteElo "2322"]
[BlackElo "2432"]
[WhiteFideId "12502014"]
[BlackFideId "13604040"]
[EventDate "2021.06.06"]

1. e4 c5 2. Nf3 e6 3. d4 cxd4 4. Nxd4 Nc6 5. Nc3 a6 6. Be2 Nf6 7. O-O d6 8. Be3
Be7 9. f4 O-O 10. Qe1 Nxd4 11. Bxd4 b5 12. a3 Bb7 13. Qg3 g6 14. Bd3 Nh5 15. Qf2
Qd7 16. Rae1 Nxf4 17. Qxf4 e5 18. Bxe5 dxe5 19. Qxe5 Bd6 20. Qf6 Rae8 21. e5 Re6
22. Qg5 Rfe8 23. Bf5 Bxe5 24. Bxe6 Qxe6 25. Kh1 f5 26. Qd2 Qc6 27. Rf2 Re6 28.
Rfe2 Rd6 29. Qe3 Bf6 30. Qe8+ Qxe8 31. Rxe8+ Kf7 32. Rb8 Rd7 33. Rd1 Re7 34. Kg1
Be5 35. Rbd8 Bc6 36. Nd5 Bxd5 37. R8xd5 Bxb2 38. Rd7 Bxa3 39. Rxe7+ Kxe7 40. Ra1
b4 41. Kf2 a5 42. Ke2 Kd6 43. Kd3 Kc5 44. Re1 Bb2 45. Re7 a4 46. Rxh7 a3 47. Ra7
Bc3 48. h4 Kd5 49. Ra6 Ke5 50. g3 Kd5 51. Ra5+ Ke6 52. Kc4 Kf6 53. Kd5 Be1 54.
Ra6+ Kg7 55. Ra4 Bc3 56. Ke6 Be1 57. Ra7+ Kh6 58. Ra4 Kh5 59. Kf7 Bxg3 60. Rxb4
Bxh4 61. Ra4 Be1 62. Rxa3 f4 63. c4 g5 0-1

[Event "Women's Speed Chess Q8"]
[Site "chess.com INT"]
[Date "2021.06.06"]
[Round "2"]
[White "Antolak, Julia"]
[Black "Bodnaruk, Anastasia"]
[Result "1/2-1/2"]
[WhiteTitle "WIM"]
[BlackTitle "IM"]
[WhiteElo "2309"]
[BlackElo "2446"]
[WhiteFideId "1159569"]
[BlackFideId "4181751"]
[EventDate "2021.06.06"]

1. e4 d6 2. d4 g6 3. Nc3 Bg7 4. Bg5 h6 5. Bh4 Nc6 6. Nf3 Bg4 7. d5 Nd4 8. Be2
Nxe2 9. Qxe2 c6 10. h3 Bxf3 11. Qxf3 Qb6 12. Rb1 Nf6 13. O-O O-O 14. Rfe1 Rac8
15. Re2 Rfe8 16. b3 Nd7 17. Na4 Qa5 18. dxc6 Rxc6 19. c4 b5 20. cxb5 Qxb5 21.
Rd2 g5 22. Bg3 Rec8 23. Rbd1 Rc1 24. Nb2 R1c2 25. Nc4 Rxd2 26. Rxd2 Nb6 27. Ne3
Rc3 28. Qg4 Nd7 29. Kh2 Nf6 30. Qf3 h5 31. h4 Ng4+ 32. Kg1 Nxe3 33. fxe3 Rc1+
34. Kh2 gxh4 35. Bxh4 Rf1 36. Rf2 Rxf2 37. Bxf2 Qe5+ 38. Bg3 Qb2 39. Qxh5 Qxa2
40. Qd5 Qe2 41. Qa8+ Kh7 42. Qxa7 Qd3 43. Qxe7 Qxb3 44. Qxd6 Qxe3 45. Qf4 Qd4
46. Qxf7 Qxe4 47. Qh5+ Kg8 48. Qh4 Qxh4+ 49. Bxh4 Bd4 50. Kh3 Kg7 51. Kg4 Kg6
52. Kf4 Bb2 53. g4 Ba3 54. Kf3 Bc1 55. Bg3 Kg7 56. Be5+ Kg6 57. Bg3 Kg7 58. Bf4
Bxf4 59. Kxf4 Kf6 60. g5+ Kg6 61. Kg4 Kg7 62. Kf5 Kf7 63. g6+ Kg7 64. Kg5 Kg8
65. Kf6 Kf8 66. g7+ Kg8 67. Kg6 1/2-1/2

[Event "Women's Speed Chess Q8"]
[Site "chess.com INT"]
[Date "2021.06.06"]
[Round "2"]
[White "Mohota, Nisha"]
[Black "Padmini, Rout"]
[Result "0-1"]
[WhiteTitle "IM"]
[BlackTitle "IM"]
[WhiteElo "2195"]
[BlackElo "2370"]
[WhiteFideId "5004330"]
[BlackFideId "5029295"]
[EventDate "2021.06.06"]

1. d4 Nf6 2. c4 g6 3. Nc3 d5 4. cxd5 Nxd5 5. e4 Nxc3 6. bxc3 Bg7 7. Bc4 O-O 8.
Ne2 c5 9. Be3 b6 10. O-O Qc7 11. Rc1 Nd7 12. f4 Bb7 13. d5 Rad8 14. Qe1 Nf6 15.
Bd3 c4 16. Bb1 e6 17. d6 Qxd6 18. e5 Qd5 19. Rf3 Ng4 20. Bd4 Nh6 21. Qf2 Nf5 22.
Bxf5 exf5 23. Rh3 h5 24. Rc2 Rfe8 25. Qg3 Qe4 26. Rb2 Qd3 27. Qxd3 cxd3 28. Rxd3
Bf8 29. Re3 Bd5 30. Kf2 Rc8 31. Rc2 Rc4 32. g3 Rec8 33. Rb2 Ra4 34. Nc1 Ba3 35.
Rb1 Bxc1 36. Rxc1 Rxd4 37. cxd4 Rxc1 38. Rd3 Rc2+ 39. Ke3 a5 40. a4 Rb2 41. Rc3
Rb3 42. Rxb3 Bxb3 43. Kd3 Kf8 44. Kc3 Bd5 45. Kd3 Ke7 46. Kc3 Ke6 47. Kd3 Kd7
48. Kc3 Kc7 49. Kb2 Kc6 50. Kc3 Bg2 51. Kb3 Kd5 52. Kc3 Bf1 53. h4 Ba6 54. Kb3
Kxd4 55. Kb2 Bc4 56. Ka3 Be6 57. Kb2 Ke3 58. Ka3 Kf3 59. Kb2 Kxg3 60. Kc3 Kxh4
61. Kd4 Kg3 62. Ke3 h4 63. Kd3 h3 64. Kd4 h2 65. Kc3 h1=Q 66. Kb2 Qg2+ 67. Kc3
Qf3+ 68. Kc2 Qxf4 69. Kd3 Qe4+ 70. Kc3 f4 71. Kb2 f3 72. Ka3 Qb4# 0-1

[Event "Women's Speed Chess Q8"]
[Site "chess.com INT"]
[Date "2021.06.06"]
[Round "2"]
[White "Klinova, Masha"]
[Black "Vantika, Agrawal"]
[Result "0-1"]
[WhiteTitle "IM"]
[BlackTitle "WIM"]
[WhiteElo "2275"]
[BlackElo "2286"]
[WhiteFideId "2802015"]
[BlackFideId "25050389"]
[EventDate "2021.06.06"]

1. e4 e6 2. Nf3 d5 3. Nc3 d4 4. Ne2 c5 5. Ng3 Nc6 6. Bb5 Qb6 7. Bxc6+ Qxc6 8. d3
Nf6 9. Ne5 Qc7 10. f4 h5 11. O-O h4 12. Ne2 b6 13. a4 Bb7 14. Bd2 Bd6 15. Nc4
Be7 16. f5 e5 17. h3 Nd7 18. Kh2 O-O-O 19. a5 b5 20. a6 Bc6 21. Ba5 Nb6 22.
Nxb6+ axb6 23. Bd2 b4 24. Ng1 Kd7 25. Nf3 Bf6 26. b3 Ra8 27. Bg5 Ke7 28. Qe1
Bxg5 29. Nxg5 Qd6 30. Qf2 Qh6 31. Nf3 Qf4+ 32. Kh1 Ra7 33. Kg1 f6 34. Ra2 Bd7
35. Nd2 Qxf2+ 36. Kxf2 b5 37. Nf3 Kd6 38. Rfa1 Kc7 39. Kg1 Kb6 40. Kf2 Bc8 41.
Ke2 Rxa6 42. Rxa6+ Bxa6 43. Kf2 c4 44. Ke2 cxb3 45. cxb3 Bc8 46. Kd2 Bd7 47. Ra2
Be8 48. Ra1 Bf7 49. Ng1 Bxb3 50. Rb1 Bf7 51. Rxb4 Rc8 52. Nf3 Ra8 53. Rb2 Rh8
54. Rb1 Kc5 55. Rb2 b4 56. Ne1 b3 57. Nf3 Ra8 58. Nxh4 Ra2 59. Kc1 Ra1+ 60. Kd2
Kb4 61. Nf3 Ka3 62. Rxb3+ Kxb3 63. g4 Ra2+ 64. Kd1 Kc3 65. g5 Kxd3 66. gxf6 gxf6
67. Nh4 Kxe4 68. Ng6 Bxg6 0-1

[Event "Women's Speed Chess Q8"]
[Site "chess.com INT"]
[Date "2021.06.06"]
[Round "2"]
[White "Kulon, Klaudia"]
[Black "Kulkarni, Bhakti"]
[Result "0-1"]
[WhiteTitle "IM"]
[BlackTitle "IM"]
[WhiteElo "2363"]
[BlackElo "2391"]
[WhiteFideId "1131044"]
[BlackFideId "5019516"]
[EventDate "2021.06.06"]

1. c4 Nf6 2. g3 e5 3. Bg2 d6 4. Nc3 g6 5. e3 Bg7 6. Nge2 O-O 7. O-O Nc6 8. d3
Be6 9. Nd5 Qd7 10. Rb1 a5 11. a3 Rfc8 12. b4 axb4 13. axb4 Bh3 14. b5 Nd8 15. f4
Bxg2 16. Kxg2 Nxd5 17. cxd5 Ra5 18. Qb3 Rca8 19. Bb2 Qxb5 20. Qc2 Qxd5+ 21. e4
Qc6 22. Nc3 exf4 23. Rxf4 Rc5 24. Rc1 Ne6 25. Rf2 Nd4 26. Qd1 f5 27. Nd5 Rxc1
28. Bxc1 Qd7 29. Bb2 Re8 30. Qa1 c5 31. exf5 gxf5 32. Bxd4 cxd4 33. Qa2 Kh8 34.
Nf4 Qc6+ 35. Kh3 Be5 36. Qf7 Qc8 37. Nh5 f4+ 38. g4 Rf8 39. Qe7 Rg8 40. Rxf4 Qe8
41. Rf7 Qxe7 42. Rxe7 Rb8 43. Ng3 b5 44. Ne2 b4 45. Ra7 b3 46. Ra1 b2 47. Rb1
Rb3 48. Kg2 Kg7 49. h4 Kf6 50. Ng1 Ke6 51. Nf3 Kd5 52. Nd2 Rxd3 53. Rxb2 Bf4 54.
Nf3 Re3 55. Ra2 d3 56. Kf2 Re4 57. g5 Be3+ 58. Kg3 Bc5 59. h5 Re2 60. Ra1 d2 61.
g6 hxg6 62. hxg6 Bb4 63. g7 Re8 64. Kg4 Rg8 0-1

[Event "Women's Speed Chess Q8"]
[Site "chess.com INT"]
[Date "2021.06.06"]
[Round "2"]
[White "Paehtz, Elisabeth"]
[Black "Purtseladze, Maka"]
[Result "0-1"]
[WhiteTitle "IM"]
[BlackTitle "IM"]
[WhiteElo "2456"]
[BlackElo "2274"]
[WhiteFideId "4641833"]
[BlackFideId "13602659"]
[EventDate "2021.06.06"]

1. d4 Nf6 2. Nf3 d5 3. Bf4 c6 4. e3 Qb6 5. Qc1 Bf5 6. c4 Bxb1 7. Rxb1 e6 8. c5
Qb4+ 9. Qd2 Qxd2+ 10. Nxd2 Nh5 11. Bc7 Kd7 12. Ba5 Be7 13. Bc3 b6 14. b4 a5 15.
cxb6 axb4 16. Bxb4 Bxb4 17. Rxb4 Rxa2 18. Nb3 Nf6 19. Nc5+ Ke7 20. Bd3 Ra1+ 21.
Bb1 Na6 22. Nxa6 Rxa6 23. Kd2 Rb8 24. b7 Ra7 25. Rb6 Raxb7 26. Rxb7+ Rxb7 27.
Rc1 Kd6 28. f3 g6 29. Bc2 Nd7 30. Ra1 c5 31. dxc5+ Nxc5 32. Ra8 h5 33. h4 e5 34.
g4 hxg4 35. fxg4 e4 36. h5 gxh5 37. gxh5 f5 38. Rf8 Ke6 39. Rc8 Nd7 40. Rc6+ Ke7
41. Rg6 Kf7 42. Rg5 Ke6 43. Rg6+ Nf6 44. Bd1 Rb2+ 45. Bc2 Rb8 46. Bd1 Rg8 47.
Kc3 Rxg6 48. hxg6 Ne8 49. Bb3 Kf6 50. Bxd5 Kxg6 51. Kd4 Nf6 52. Be6 Kg5 53. Ke5
Ng4+ 54. Kd4 Nf2 55. Bd7 Nd3 56. Bc8 Ne1 57. Bd7 Nc2+ 58. Kc3 Nxe3 59. Kd2 Kf4
60. Ke2 Ng4 61. Bc8 Ne5 62. Be6 Nf3 63. Bc8 Nd4+ 64. Kf2 e3+ 65. Ke1 Kf3 66. Ba6
Nc2+ 67. Kf1 Nd4 68. Ke1 Ke4 69. Bb7+ Ke5 70. Ba6 f4 71. Bb7 f3 72. Ba6 Kf4 73.
Kf1 Kg3 74. Ke1 Kg2 75. Bf1+ Kg1 76. Bh3 f2+ 77. Kd1 f1=Q+ 0-1

[Event "Women's Speed Chess Q8"]
[Site "chess.com INT"]
[Date "2021.06.06"]
[Round "2"]
[White "Kanyamarala, Trisha"]
[Black "Bivol, Alina"]
[Result "0-1"]
[WhiteTitle "WIM"]
[BlackTitle "WGM"]
[WhiteElo "2180"]
[BlackElo "2374"]
[WhiteFideId "45004722"]
[BlackFideId "4100123"]
[EventDate "2021.06.06"]

1. d4 Nf6 2. c4 g6 3. Nc3 d5 4. cxd5 Nxd5 5. e4 Nxc3 6. bxc3 c5 7. Nf3 Bg7 8.
Be3 Qa5 9. Qd2 Nc6 10. Rc1 O-O 11. Be2 Rd8 12. d5 e6 13. c4 Qxd2+ 14. Bxd2 Nd4
15. Nxd4 Bxd4 16. O-O exd5 17. exd5 Bf5 18. Bg5 Re8 19. Bf3 f6 20. Bd2 Rad8 21.
Rfe1 b6 22. h3 Kf7 23. g4 Bd3 24. Kg2 f5 25. Bg5 Rd7 26. Rxe8 Kxe8 27. Bf4 fxg4
28. hxg4 Rf7 29. Bg3 Kd7 30. d6 h5 31. Bd5 Rg7 32. Re1 hxg4 33. Be6+ Kd8 34.
Bh4+ g5 35. Bg3 b5 36. Bd5 Bxc4 37. Bc6 Rg8 38. d7 Bf7 39. Re8+ Bxe8 40. Bc7+
Kxc7 41. dxe8=Q Rxe8 42. Bxe8 Kd6 43. Kg3 b4 44. Kxg4 Bxf2 45. Kxg5 c4 46. Bf7
Kc5 47. Kf4 Kd4 48. Kf3 Be1 49. Ke2 Bh4 50. Kd2 Bg5+ 51. Kc2 a5 52. Be6 a4 53.
Bg8 b3+ 54. axb3 axb3+ 55. Kb2 Bd2 56. Bf7 Bc3+ 57. Kb1 Kc5 58. Kc1 Kb4 59. Kb1
Bd4 60. Be6 c3 61. Bf5 Kc4 62. Be4 Be5 63. Bg6 Kd4 64. Bh7 Ke3 65. Bg8 c2+ 66.
Kc1 Bf4 67. Bxb3 Kd3+ 68. Kb2 c1=Q+ 69. Ka2 Be5 70. Bc4+ Qxc4+ 71. Kb1 Qb3+ 72.
Kc1 Qb2+ 73. Kd1 Qd2# 0-1

[Event "Women's Speed Chess Q8"]
[Site "chess.com INT"]
[Date "2021.06.06"]
[Round "2"]
[White "Vo, Thi Kim Phung"]
[Black "Tsatsalashvili, Keti"]
[Result "1-0"]
[WhiteTitle "WGM"]
[BlackTitle "WGM"]
[WhiteElo "2335"]
[BlackElo "2331"]
[WhiteFideId "12401838"]
[BlackFideId "13603434"]
[EventDate "2021.06.06"]

1. d4 Nf6 2. c4 e6 3. Nc3 d5 4. cxd5 exd5 5. Bg5 c6 6. e3 Be6 7. Bd3 Bd6 8. Qc2
Nbd7 9. Nge2 Qc7 10. Bf4 Rc8 11. Rc1 a6 12. O-O Bxf4 13. Nxf4 O-O 14. Bf5 Bxf5
15. Qxf5 Qd6 16. Na4 Rfe8 17. Nc5 Nxc5 18. Rxc5 Qd7 19. Qd3 Ne4 20. Rc2 Nd6 21.
Rfc1 h6 22. b3 Rcd8 23. h3 Ne4 24. Qe2 Qf5 25. Nd3 Re6 26. Ne5 Nd6 27. Qf3 Qxf3
28. Nxf3 f6 29. Ne1 Rde8 30. Nd3 Ne4 31. Nc5 Nxc5 32. Rxc5 f5 33. g3 g5 34. R5c3
Kf7 35. Kg2 Ke7 36. b4 Kd7 37. a4 Rf8 38. b5 axb5 39. axb5 f4 40. bxc6+ bxc6 41.
Ra1 f3+ 42. Kf1 Kd6 43. Ra6 Rc8 44. Ke1 Re7 45. Rb3 Rec7 46. Kd2 h5 47. Rbb6 Kd7
48. Kd3 Kd6 49. Rb1 g4 50. hxg4 hxg4 51. Rh1 Re7 52. Rh4 Re4 53. Rh6+ Re6 54.
Rh7 Re7 55. Rh4 Re4 56. Ra7 Rb8 57. Rh6+ Re6 58. Rhh7 Re4 59. Rad7+ Ke6 60.
Rde7+ Kf6 61. Rxe4 dxe4+ 62. Kxe4 Rb2 63. Rh2 Kg5 64. Ke5 Rc2 65. e4 Rc4 66. d5
cxd5 67. exd5 Rc2 68. d6 Re2+ 69. Kd5 Rd2+ 70. Ke6 Re2+ 71. Kf7 Rd2 72. Ke7 Re2+
73. Kd8 Rd2 74. d7 Kf5 75. Rh7 Ke4 76. Ke8 1-0

[Event "Women's Speed Chess Q8"]
[Site "chess.com INT"]
[Date "2021.06.06"]
[Round "2"]
[White "Belenkaya, Dina"]
[Black "Atalik, Ekaterina"]
[Result "0-1"]
[WhiteTitle "WGM"]
[BlackTitle "IM"]
[WhiteElo "2341"]
[BlackElo "2430"]
[WhiteFideId "24142654"]
[BlackFideId "4130189"]
[EventDate "2021.06.06"]

1. e4 e5 2. Nf3 Nc6 3. Bb5 a6 4. Ba4 Nf6 5. d3 d6 6. c3 Be7 7. Nbd2 O-O 8. O-O
Nd7 9. Re1 Bf6 10. Nf1 g6 11. Ne3 Bg7 12. d4 exd4 13. cxd4 Nb6 14. Bb3 Na5 15.
Bc2 c5 16. b3 cxd4 17. Nxd4 d5 18. Bb2 dxe4 19. Bxe4 Bd7 20. Qf3 Rb8 21. Rad1
Qc7 22. Nd5 Nxd5 23. Bxd5 Nc6 24. Nxc6 Bxc6 25. Bxg7 Bxd5 26. Qf6 Qd8 27. Qd4
Be6 28. Bxf8 Qxf8 29. Qd6 Qe8 30. Rd2 Rc8 31. Red1 Qb5 32. Qf4 Kg7 33. h3 h5 34.
Qd4+ Kh7 35. h4 Qf5 36. Qe3 Re8 37. Qg3 Qa5 38. Qg5 Qa3 39. Qf6 Qf8 40. Rd6 Rc8
41. R1d2 a5 42. Kh2 Rc5 43. Qd4 Rc8 44. Qb6 Qh6 45. Qe3 Qxe3 46. fxe3 Rc3 47.
Rb6 Rxe3 48. Rxb7 Re4 49. Rb5 a4 50. bxa4 Rxh4+ 51. Kg1 Rxa4 52. Rbb2 Kg7 53.
Rf2 h4 54. Rfd2 g5 55. Kf2 Kg6 56. Rdc2 g4 57. Rc6 g3+ 58. Kf3 Kg5 59. Rb5+ Kf6
60. Rc2 Ra3+ 61. Kf4 Rd3 62. Re2 Ra3 63. Ke4 Ra4+ 64. Kd3 Rf4 65. Kc3 Rf1 66.
Rc5 Ra1 67. Ra5 Kg6 68. a4 Kg7 69. Ra6 h3 70. gxh3 Bxh3 71. Ra5 g2 72. Rg5+ Kf6
73. Rgxg2 Bxg2 74. Rxg2 Rxa4 75. Rf2+ Ke7 76. Kd3 Kf8 77. Ke3 Ra6 78. Rf5 f6 79.
Kf4 Kf7 80. Rb5 Ra4+ 81. Kf5 Ra7 82. Rc5 Re7 83. Rb5 Rc7 84. Rd5 Ke7 85. Rb5 Rc1
86. Rc5 Rf1+ 87. Ke4 Kf7 88. Rb5 Kg6 89. Rc5 f5+ 90. Ke3 Kg5 0-1

[Event "Women's Speed Chess Q8"]
[Site "chess.com INT"]
[Date "2021.06.06"]
[Round "3"]
[White "Batsiashvili, Nino"]
[Black "Gunina, Valentina"]
[Result "0-1"]
[WhiteTitle "GM"]
[BlackTitle "GM"]
[WhiteElo "2491"]
[BlackElo "2436"]
[WhiteFideId "13602993"]
[BlackFideId "4167570"]
[EventDate "2021.06.06"]

1. c4 c6 2. e3 Nf6 3. Nf3 d5 4. Nc3 Bg4 5. h3 Bxf3 6. Qxf3 e6 7. b3 Nbd7 8. Bb2
Bb4 9. Qd1 O-O 10. Be2 Qe7 11. O-O Rfd8 12. d4 Bxc3 13. Bxc3 Ne4 14. Bb2 a5 15.
a4 Ndf6 16. Qc2 Rac8 17. Ba3 Qc7 18. c5 Ra8 19. b4 axb4 20. Bxb4 b6 21. Rfc1
bxc5 22. Bxc5 Rdc8 23. Bb4 e5 24. a5 exd4 25. exd4 Qf4 26. Bf3 Ng5 27. Ra3 Qxd4
28. Bc5 Qf4 29. Be2 Nge4 30. Be3 Qd6 31. a6 Qxa3 32. a7 c5 33. Rb1 Qxa7 34. f3
d4 35. Bf4 c4 36. Bxc4 d3+ 0-1

[Event "Women's Speed Chess Q8"]
[Site "chess.com INT"]
[Date "2021.06.06"]
[Round "3"]
[White "Von Herman, Brigitte"]
[Black "Tsatsalashvili, Keti"]
[Result "0-1"]
[WhiteTitle "WFM"]
[BlackTitle "WGM"]
[WhiteElo "1991"]
[BlackElo "2331"]
[WhiteFideId "4628730"]
[BlackFideId "13603434"]
[EventDate "2021.06.06"]

1. e4 c5 2. c3 d5 3. exd5 Qxd5 4. d4 cxd4 5. cxd4 Nf6 6. Nc3 Qd8 7. Nf3 Bg4 8.
Bb5+ Nbd7 9. O-O a6 10. Ba4 e6 11. h3 Bh5 12. d5 b5 13. dxe6 bxa4 14. exd7+ Qxd7
15. Re1+ Be7 16. Qe2 Bxf3 17. gxf3 O-O 18. Qxe7 Rfe8 19. Qxd7 Rxe1+ 20. Kg2 Nxd7
21. b3 a3 22. Rb1 Rc8 23. Bd2 Rxb1 24. Nxb1 Rc2 25. Bb4 Rxa2 26. Nxa3 Ne5 27.
Nc4 Nxc4 28. bxc4 Ra4 0-1

[Event "Women's Speed Chess Q8"]
[Site "chess.com INT"]
[Date "2021.06.06"]
[Round "3"]
[White "Jakubowska, Anna"]
[Black "Corrales Jimenez, Zenia"]
[Result "0-1"]
[WhiteTitle "WIM"]
[BlackTitle "WIM"]
[WhiteElo "2073"]
[BlackElo "2189"]
[WhiteFideId "1121952"]
[BlackFideId "3506355"]
[EventDate "2021.06.06"]

1. e4 c5 2. Nc3 Nc6 3. g3 g6 4. Bg2 Bg7 5. d3 d6 6. Nh3 Nf6 7. O-O O-O 8. f4 Nd4
9. Nf2 Rb8 10. g4 b5 11. f5 b4 12. Nd5 Nxd5 13. exd5 gxf5 14. c3 bxc3 15. bxc3
Nb5 16. Bd2 fxg4 17. Rc1 f5 18. Qe2 Nc7 19. Rfe1 e5 20. dxe6 Bxe6 21. Bf4 Kh8
22. h3 gxh3 23. Nxh3 Bd5 24. Ng5 Bxg2 25. Qxg2 Qf6 26. Qh2 h6 27. Bxd6 Qxg5+ 28.
Kh1 Rfe8 29. Bxc7 Rxe1+ 30. Rxe1 Rg8 31. Bf4 Qg6 32. Rg1 Qf6 33. Rxg7 Rxg7 34.
Be5 Qc6+ 0-1

[Event "Women's Speed Chess Q8"]
[Site "chess.com INT"]
[Date "2021.06.06"]
[Round "3"]
[White "Morris-Suzuki, Sophie"]
[Black "Nemcova, Katerina"]
[Result "0-1"]
[WhiteTitle "WFM"]
[BlackTitle "WGM"]
[WhiteElo "2043"]
[BlackElo "2331"]
[WhiteFideId "30922615"]
[BlackFideId "322750"]
[EventDate "2021.06.06"]

1. e4 e5 2. Nf3 d6 3. d4 exd4 4. Nxd4 Nf6 5. Nc3 g6 6. f3 Bg7 7. Be3 a6 8. Qd2
Nc6 9. Nb3 Be6 10. Bh6 Nxe4 11. Nxe4 Qh4+ 12. g3 Qxh6 13. Nf6+ Ke7 14. Nd5+ Bxd5
15. Qxd5 Rhe8 16. Kf2 Kf8 17. f4 Re7 18. Bc4 Qh3 19. c3 Rae8 20. Rae1 Qd7 21. a4
Rxe1 22. Rxe1 Rxe1 23. Kxe1 Qe7+ 24. Kf2 h5 25. Nd2 Nd8 26. Nf3 c6 27. Qd3 d5
28. Bb3 Ne6 29. Bc2 Nc5 30. Qd1 Ne4+ 31. Kg2 Bf6 32. Nd4 Nd6 33. f5 Nc4 34. Qd2
Nxd2 0-1

[Event "Women's Speed Chess Q8"]
[Site "chess.com INT"]
[Date "2021.06.06"]
[Round "3"]
[White "Nandhidhaa, P V"]
[Black "Ambartsumova, Karina"]
[Result "0-1"]
[WhiteTitle "WGM"]
[BlackTitle "IM"]
[WhiteElo "2365"]
[BlackElo "2382"]
[WhiteFideId "5050847"]
[BlackFideId "4166299"]
[EventDate "2021.06.06"]

1. e4 c5 2. Nf3 e6 3. d4 cxd4 4. Nxd4 a6 5. Bd3 Bc5 6. Nb3 Ba7 7. O-O Ne7 8. Qe2
d6 9. c4 e5 10. Be3 Bxe3 11. Qxe3 Be6 12. Nc3 Nd7 13. Rfd1 Qb6 14. Qd2 Rd8 15.
Bf1 Nf6 16. Nd5 Bxd5 17. exd5 O-O 18. Qg5 Qxf2+ 19. Kxf2 Ne4+ 20. Ke3 Nxg5 21.
Na5 Rd7 22. Be2 Nf5+ 23. Kf2 Nd4 24. h4 Ne4+ 25. Kf1 Ng3+ 26. Kf2 Ngxe2 0-1

[Event "Women's Speed Chess Q8"]
[Site "chess.com INT"]
[Date "2021.06.06"]
[Round "3"]
[White "Zaksaite, Salomeja"]
[Black "Belenkaya, Dina"]
[Result "0-1"]
[WhiteTitle "WIM"]
[BlackTitle "WGM"]
[WhiteElo "2202"]
[BlackElo "2341"]
[WhiteFideId "12801496"]
[BlackFideId "24142654"]
[EventDate "2021.06.06"]

1. e4 d5 2. exd5 Qxd5 3. Nc3 Qe5+ 4. Qe2 Qxe2+ 5. Bxe2 Nf6 6. Bf3 c6 7. Nge2
Nbd7 8. d4 Nb6 9. O-O Bf5 10. Be3 Bxc2 11. Rac1 Bf5 12. d5 Nbxd5 13. Nxd5 Nxd5
14. Bxd5 cxd5 15. Nd4 Bd7 16. Rc7 e5 17. Nf3 Bc6 18. Nxe5 Bd6 19. Rxc6 bxc6 20.
Nxc6 Kd7 21. Nxa7 Rhb8 22. a4 Rxb2 23. Rd1 Rb7 24. Nb5 Rxa4 25. Nc3 Ra5 26. g3
Ke6 27. Ne2 Be5 28. f4 Bb2 29. g4 f6 30. f5+ Kd6 31. Kf2 Be5 32. h3 Rb2 33. Kf3
Ra3 34. Kf2 Raa2 35. Re1 d4 36. Bc1 Rc2 37. Kf3 d3 38. Ng3 Rf2+ 0-1

[Event "Women's Speed Chess Q8"]
[Site "chess.com INT"]
[Date "2021.06.06"]
[Round "3"]
[White "Grigoryan, Meri"]
[Black "Klinova, Masha"]
[Result "1-0"]
[WhiteTitle "WFM"]
[BlackTitle "IM"]
[WhiteElo "2044"]
[BlackElo "2275"]
[WhiteFideId "13300571"]
[BlackFideId "2802015"]
[EventDate "2021.06.06"]

1. d4 d6 2. Nf3 g6 3. c3 Bg7 4. e4 Nf6 5. Bd3 O-O 6. O-O Nc6 7. Re1 e5 8. Bg5 h6
9. Bh4 Bg4 10. d5 Ne7 11. h3 Bd7 12. Nbd2 g5 13. Bg3 Ng6 14. Nf1 Nf4 15. Ne3
N6h5 16. Bxf4 exf4 17. Nf5 Bxf5 18. exf5 Nf6 19. c4 Qd7 20. Rc1 Rfe8 21. Qc2
Rxe1+ 22. Rxe1 Re8 23. b3 Rxe1+ 24. Nxe1 Qe7 25. Qe2 Kf8 26. Kf1 Nd7 27. Qxe7+
Kxe7 28. Ke2 Bc3 29. Nc2 Kf6 30. g3 fxg3 31. fxg3 h5 32. g4 h4 33. Ke3 Ke5 34.
Bf1 Nf6 35. Bg2 Nd7 36. Bf3 Nc5 37. Bg2 a6 38. Bf3 b5 39. cxb5 axb5 40. Be2 b4
41. Bf3 Nd7 42. a3 bxa3 43. Nxa3 Nf6 44. Nc4# 1-0

[Event "Women's Speed Chess Q8"]
[Site "chess.com INT"]
[Date "2021.06.06"]
[Round "3"]
[White "February, Jesse Nikki"]
[Black "Kulon, Klaudia"]
[Result "0-1"]
[WhiteTitle "WIM"]
[BlackTitle "IM"]
[WhiteElo "1863"]
[BlackElo "2363"]
[WhiteFideId "14312336"]
[BlackFideId "1131044"]
[EventDate "2021.06.06"]

1. e4 e5 2. Nf3 Nc6 3. Bc4 Nf6 4. d3 h6 5. O-O d6 6. c3 g6 7. Re1 Bg7 8. d4 Qe7
9. h3 O-O 10. Nbd2 Na5 11. Bd3 c5 12. dxe5 dxe5 13. Nc4 Nxc4 14. Bxc4 Rd8 15.
Qb3 Ne8 16. Be3 Nc7 17. Rad1 Rxd1 18. Rxd1 b5 19. Bxf7+ Qxf7 20. Rd8+ Bf8 21.
Bxh6 Be6 22. Rxa8 Nxa8 23. Qxb5 Bxh6 24. Nxe5 Qf8 25. Nxg6 Qd8 26. Qxc5 Nb6 27.
Ne7+ Kf7 28. Nc6 Qd1+ 29. Kh2 Bf8 30. Nd8+ Qxd8 31. Qh5+ Ke7 32. Qg5+ Kd7 33.
Qd2+ Kc8 0-1

[Event "Women's Speed Chess Q8"]
[Site "chess.com INT"]
[Date "2021.06.06"]
[Round "3"]
[White "Atalik, Ekaterina"]
[Black "Eswaran, Ashritha"]
[Result "0-1"]
[WhiteTitle "IM"]
[BlackTitle "WIM"]
[WhiteElo "2430"]
[BlackElo "2244"]
[WhiteFideId "4130189"]
[BlackFideId "2080788"]
[EventDate "2021.06.06"]

1. Nf3 c5 2. e3 d5 3. d4 Nf6 4. c4 e6 5. Nc3 Nc6 6. cxd5 exd5 7. Bb5 Bd6 8. dxc5
Bxc5 9. O-O O-O 10. h3 a6 11. Bxc6 bxc6 12. b3 Bd6 13. Bb2 Re8 14. Rc1 Bd7 15.
Na4 Ne4 16. Nd2 Ng5 17. Nf3 Ne4 18. Qd4 f6 19. Nd2 Ng5 20. Rfd1 Qc7 21. Qd3 Rab8
22. Nc5 Ra8 23. Nxd7 Qxd7 24. Rc2 Bb4 25. Rdc1 Bxd2 26. Qxd2 Rec8 27. Qd3 a5 28.
f3 a4 29. bxa4 Rxa4 30. Qb3 Raa8 31. Bd4 Qe6 32. a4 Rcb8 33. Qa2 Ra6 34. a5 Rb5
35. Rc5 Rxc5 36. Rxc5 Qe7 37. Rc2 Ne6 38. Bb6 Qb7 39. Qb3 Rxa5 40. Rxc6 Ra1+ 41.
Kh2 Qxc6 42. e4 Qd6+ 43. g3 Ra3 0-1